Quiz Mapa do Cone Sul - Statistics

Estatísticas Gerais
  • Esse quiz foi jogado 98 vezes
  • A pontuação média é 8 de 9
Respostas no mapa
Respostas codificadas por cores de uma escala verde-vermelha no mapa do quiz de acordo com a % correta abaixo.
 
Estatísticas das Respostas
Resposta % Correto
Argentina
98%
Chile
96%
Ilhas Malvinas
96%
Uruguai
94%
Paraguai
93%
Rio Grande do Sul
92%
Santa Catarina
90%
São Paulo
90%
Paraná
87%
Nenhum quiz correspondente encontrado
Distribuição das Pontuações
Porcentagem de Pessoas com Cada Pontuação
Percentil de Números Respondidos
Sua Pontuação Histórica
Você não jogou esse quiz